000 00749nam a2200217Ii 4500
003 JO-AjNU
008 230605s9999||||xx |||||||||||||| ||und||
017 _a79/3007
040 _aJO-AjNU
_bara
_erda
_cJO-AjNU
041 _aara
050 1 4 _aBP170.B336 1979
100 3 _aالبهي، محمد,
_eauthor
_920165
245 0 0 _aغيوم تحجب الإسلام
250 _aط2
264 3 1 _aالقاهرة: مكتبة وهبة، 1979
300 _a113ص
336 _atext
_btxt
_2rdacontent
337 _aunmediated
_bn
_2rdamedia
338 _avolume
_bnc
_2rdacarrier
650 4 _aالاسلام والاصلاح الاجتماعي- الاسلام والاصلاح السياسي- الاسلام والاصلاح الاقتصادي
_920166
999 _aA6787
_c10355
_d10355